Mustafa Şekip Tunç / (Record no. 74631)
[ view plain ]
| 000 -LEADER | |
|---|---|
| fixed length control field | 01030 a2200349 4500 |
| 001 - CONTROL NUMBER | |
| control field | 74631 |
| 003 - CONTROL NUMBER IDENTIFIER | |
| control field | TR-AnTOB |
| 005 - DATE AND TIME OF LATEST TRANSACTION | |
| control field | 20230711161355.0 |
| 008 - FIXED-LENGTH DATA ELEMENTS--GENERAL INFORMATION | |
| fixed length control field | 110729s1989 tu e 000 0 |
| 020 ## - INTERNATIONAL STANDARD BOOK NUMBER | |
| International Standard Book Number | 9751703654 |
| 040 ## - CATALOGING SOURCE | |
| Original cataloging agency | TR-AnTOB |
| Transcribing agency | TR-AnTOB |
| Language of cataloging | eng |
| Description conventions | rda |
| 041 ## - LANGUAGE CODE | |
| Language code of text/sound track or separate title | Türkçe |
| 050 ## - LIBRARY OF CONGRESS CALL NUMBER | |
| Classification number | LA2313.T86 |
| Item number | A47 1989 |
| 090 ## - LOCALLY ASSIGNED LC-TYPE CALL NUMBER (OCLC); LOCAL CALL NUMBER (RLIN) | |
| Classification number (OCLC) (R) ; Classification number, CALL (RLIN) (NR) | LA2313 .T86 A47 1989 |
| 100 ## - MAIN ENTRY--PERSONAL NAME | |
| Personal name | Altıntaş, Hayrani |
| 9 (RLIN) | 54404 |
| 245 #0 - TITLE STATEMENT | |
| Title | Mustafa Şekip Tunç / |
| Statement of responsibility, etc. | Hayrani Altıntaş. |
| 250 ## - EDITION STATEMENT | |
| Edition statement | 1. bs. |
| 264 #1 - PRODUCTION, PUBLICATION, DISTRIBUTION, MANUFACTURE, AND COPYRIGHT NOTICE | |
| Place of production, publication, distribution, manufacture | Ankara: |
| Name of producer, publisher, distributor, manufacturer | Kültür Bakanlığı, |
| Date of production, publication, distribution, manufacture, or copyright notice | 1989. |
| 300 ## - PHYSICAL DESCRIPTION | |
| Extent | VIII, 184 s. |
| 336 ## - CONTENT TYPE | |
| Source | rdacontent |
| Content type term | text |
| Content type code | txt |
| 337 ## - MEDIA TYPE | |
| Source | rdamedia |
| Media type term | unmediated |
| Media type code | n |
| 338 ## - CARRIER TYPE | |
| Source | rdacarrier |
| Carrier type term | volume |
| Carrier type code | nc |
| 490 0# - SERIES STATEMENT | |
| Series statement | Kültür Bakanlığı Yayınlar ; |
| Volume/sequential designation | 1040 |
| 590 ## - LOCAL NOTE (RLIN) | |
| Local note | Sayın Celil Güngör tarafından bağışlanmıştır. |
| 600 ## - SUBJECT ADDED ENTRY--PERSONAL NAME | |
| Personal name | Tunç, M. Şekip, |
| Dates associated with a name | 1886-1958 |
| 9 (RLIN) | 54405 |
| 650 #0 - SUBJECT ADDED ENTRY--TOPICAL TERM | |
| Topical term or geographic name entry element | Eğitimciler |
| Geographic subdivision | Türkiye |
| Form subdivision | Biyografi |
| 9 (RLIN) | 86240 |
| 902 ## - LOCAL DATA ELEMENT B, LDB (RLIN) | |
| a | 0028987 |
| 903 ## - LOCAL DATA ELEMENT C, LDC (RLIN) | |
| a | Merkez Kütüphane |
| 942 ## - ADDED ENTRY ELEMENTS (KOHA) | |
| Koha item type | Book |
| Source of classification or shelving scheme | Library of Congress Classification |
| 945 ## - LOCAL PROCESSING INFORMATION (OCLC) | |
| a | ÇP |
| Withdrawn status | Lost status | Source of classification or shelving scheme | Not for loan | Collection code | Home library | Current library | Shelving location | Date acquired | Source of acquisition | Total Checkouts | Total Holds | Full call number | Barcode | Copy number | Date shelved | Koha item type |
|---|---|---|---|---|---|---|---|---|---|---|---|---|---|---|---|---|
| Library of Congress Classification | Ödünç Verilebilir / Available | Genel Koleksiyon | Merkez Kütüphane | Merkez Kütüphane | Genel Koleksiyon / Main Collection | 05/12/2009 | Bağış / Donation | LA2313.T86 A47 1989 | 0028987 | 1 | 21/04/2010 | Book |
